000 00356nam a2200145Ia 4500
008 151213s9999 xx 000 0 und d
100 _aM.Rafiquzzaman
245 _aMicroprocessors
_cM.Rafiquzzaman
260 _aNew Delhi
_bPHI Learning
_c1992
300 _a8593 p.
650 _aE.E.E.
650 _ascience
700 _aM.Rafiquzzaman
999 _c4396
_d4396